| 000 | 01820nam a2200265Ia 4500 | ||
|---|---|---|---|
| 999 |
_c51638 _d51638 |
||
| 001 | 18629 | ||
| 003 | GE_BSU | ||
| 005 | 20210406135017.0 | ||
| 008 | 181216s2016||||ge |||||||||||||| ||geo|| | ||
| 040 | _cGE_BSU | ||
| 041 | _ageo | ||
| 080 | _a33 ბ-52 | ||
| 100 |
_aბერიძე, თამარ _99312 |
||
| 245 |
_aტურისტული საქმიანობის სახელმწიფო მარეგულირებელი მექანიზმებისა და რეგიონული ტურიზმის განვითარების სრულყოფის საკითხები / _cთამარ ბერიძე; სამეცნიერო ხელმძღვანელი როსტომ ბერიძე; ბსუ. |
||
| 264 |
_aბათუმი : _bბათუმის შოთა რუსთაველის სახ. უნ-ტის გამ-ბა, _c2016. |
||
| 300 |
_a195 გვ.; _b30 სმ. |
||
| 504 | _aბიბლიოგრ. გვ. 169-179 | ||
| 653 | _aდისერტაცია | ||
| 653 | _aეკონომიკა | ||
| 653 | _aტურიზმი | ||
| 653 | _aტურისტული საქმიანობის სახელმწიფო მარეგულირებელი მექანიზმებისა და რეგიონული ტურიზმის განვითარების სრულყოფის საკითხები | ||
| 700 |
_aბერიძე, როსტომ _e სამეცნიერო ხელმძღვანელი _91686 |
||
| 710 |
_aბსუ _bეკონომიკისა და ბისზნესის ფაკულტეტი _911109 |
||
| 942 |
_cBK _2udc |
||